00466nam a2200157Ia 4500003000900000008004100009020001800050040001600068080001900084100002000103245008000123260004900203300001500252650002200267650001900289IN-BaIIA211028s9999 xx 000 0 eng d a0-88202-006-4 cIIA Library a[8]:01:00bSHE aShea, William R 0aGalileo's intellectual revolution middle period, 1610-1632cWilliam R. Shea aNew YorkbScience History Publicationsc1972 axii, 204p. aBiography-Galileo aNASA Thesaurus